000 00570nam a2200193Ia 4500
003 GCL
008 140319s9999 xx 000 0 eng d
020 _a9774246918
040 _aGCL /
_cGCL
082 0 4 _aCC
_b709.0212
_bG C
100 1 _aGAWDAT GABRA
245 1 0 _aCOPTIC MONASTERIES :
_bEGYPT'S MONASTIC ART AND ARCHITECTURE /
_cGAWDAT GABRA
260 _aالقاهرة :
_bTHE AMERICAN UNIVERSITY IN CAIRO PRESS ،
_c2002
300 _a22 CM ؛
_c142 P
650 0 4 _aART, CHRISTIAN
650 0 4 _aCOPTIC ART
650 0 4 _aARCHITECTURE - EGYPT
942 _2ddc
_cBK
999 _c3190
_d3190